Design-State Trial of gentamicin in the Uniject® Device: A Feasibility Study
Saved in:
| Institution som forfatter: | |
|---|---|
| Format: | Bog |
| Udgivet: |
2010
|
| Online adgang: | Visit NHRC Library |
| Tags: |
Tilføj Tag
Ingen Tags, Vær først til at tagge denne postø!
|
| LEADER | 00526nam a22001217a 4500 | ||
|---|---|---|---|
| 110 | |a USAID |9 736 | ||
| 245 | |a Design-State Trial of gentamicin in the Uniject® Device: A Feasibility Study | ||
| 260 | |c 2010 | ||
| 300 | |a xii, 59p. ; | ||
| 856 | |u http://nhrc.org.np/index.php?option=com_content&view=article&id=48&Itemid=53 |y Visit NHRC Library | ||
| 942 | |2 NLM |c RR | ||
| 952 | |0 0 |1 0 |2 NLM |4 0 |6 RES_650_000000000000000_USAID_2010 |7 0 |9 1750 |a NHRC |b NHRC |c REF |d 2013-06-10 |l 0 |o RES 650/USAID/2010 |p RES-00650 |r 2013-06-10 |w 2013-06-10 |y RR | ||
| 999 | |c 1709 |d 1709 | ||